Normal view
MARC view
- Clark,John , Colin Yallop and Janet Fleetcher
Entry Personal Name
001 - CONTROL NUMBER
- control field: 2170
003 - CONTROL NUMBER IDENTIFIER
- control field: JO-AjAnu
005 - DATE AND TIME OF LATEST TRANSACTION
- control field: 20230606070647.0
008 - FIXED-LENGTH DATA ELEMENTS
- fixed length control field: 230606|| aca||aabn | a|a d
040 ## - CATALOGING SOURCE
- Original cataloging agency: JO-AjAnu
- Transcribing agency: JO-AjAnu
100 ## - HEADING--PERSONAL NAME
- Personal name: Clark,John , Colin Yallop and Janet Fleetcher
670 ## - SOURCE DATA FOUND
- Source citation: Work cat.: (JO-AjAnu)1138: Clark,John , Colin Yallop and Janet Fleetcher , author, An Introduction to phonetics and Phonology